[Event "Goodricke op 13th"]
[Site "Kolkata"]
[Date "2002.03.23"]
[Round "7"]
[White "Sasikiran, Krishnan"]
[Black "Goloshchapov, Alexander"]
[Result "1/2-1/2"]
[WhiteElo "2569"]
[BlackElo "2545"]
[Annotator "Krasenkow,M"]
[PlyCount "125"]
[EventDate "2002.03.17"]
[EventType "swiss"]
[EventRounds "11"]
[EventCountry "IND"]
[SourceTitle "CBM 088"]
[Source "ChessBase"]
[SourceDate "2002.03.21"]
[SourceVersion "1"]
[SourceVersionDate "2002.03.21"]
[SourceQuality "1"]

1. d4 Nf6 2. c4 d5 3. Nc3 g6 4. cxd5 Nxd5 5. e4 Nxc3 6. bxc3 Bg7 7. Nf3 c5 8.
Rb1 O-O 9. Be2 b6 10. O-O Bb7 11. Qd3 Ba6 12. Qc2 {A very rare (new?!) move,
with two ideas: to control the a4 square and to develop the c1 bishop at once.}
cxd4 ({If} 12... Qd7 {then} 13. Bxa6 (13. Bg5 {is another option}) 13... Nxa6
14. d5 {and Black can't play} Qa4) 13. Bxa6 (13. cxd4 $143 Qc8 $1) 13... Nxa6
14. cxd4 Qd7 15. Ba3 Rac8 $6 {Inaccurately played.} (15... Rfe8 {was called
for.}) 16. Qe2 Qa4 $6 {There was no ground for such despair. Why give up the
crucial e7 pawn?} (16... Nc7 {was quite possible, e.g.} 17. d5 f5 18. Rfd1 Rfd8
$14) 17. Bxe7 Rfe8 18. Bd6 $2 {A strange decision (a blunder?!!). Black now
recaptures the d4 pawn.} ({After} 18. Bg5 {White's position, with his strong
central pawns, is strategically winning, e.g.} Rc2 19. Qd3 Rxa2 20. e5 Nb4 21.
Qe4 {[%cal Rd4d5]} Qc6 22. Qxc6 Nxc6 23. Rfc1 Ne7 24. Bxe7 Rxe7 25. Rc8+ Bf8
26. d5 {etc.}) 18... Bxd4 19. e5 ({Of course, after} 19. Nxd4 Qxd4 20. Qxa6
Qxd6 21. Qxa7 Rxe4 22. Rxb6 Qe5 {White can hardly make use of his extra pawn.})
19... Rc2 20. Qd3 Bc5 21. Ng5 Bxd6 22. exd6 Nc5 {Black's knight is entering
the game; all his pieces are now very active, therefore White can't exploit
his passed pawn and weakness of the black kingside.} 23. Qh3 h5 24. Qf3 Qxa2 (
24... Qd7 {was probably more solid.}) 25. h4 $6 {White takes a big risk of
playing for a win. After} (25. Rbe1 $5 {Black has apparently nothing better
than} Rxe1 26. Rxe1 Rd2 {and White can force a draw by means of} 27. Re8+ (27.
Qf6 $6 Re2 $1) (27. Qc3 $6 Re2 $1) 27... Kg7 28. Qc3+ f6 29. Re7+ ({or} 29. h4
Rxd6 30. Re7+ Kg8 31. Qe3 Rd7 $1 $11) 29... Kg8 30. Re8+ $11) 25... Rd2 (25...
Qc4 {[%cal Yc2c3]} 26. Rbd1 $13) 26. Rbe1 (26. Rbd1 Rxd1 27. Rxd1 Qb3 $17)
26... Rf8 $2 {After this move White seizes initiative. Black could have safely
taken the second pawn:} (26... Rxe1 27. Rxe1 Rxd6 {After} 28. Qf4 Rd8 29. Re7
Rf8 30. Qf6 Qb1+ 31. Kh2 Qf5 32. Qxf5 gxf5 33. Rxa7 b5 {White must work a
while to reach the draw.}) 27. Rd1 Rxd1 28. Rxd1 {[%cal Yf3f6,Yd1e1,Ye1e7]} Qa4
{Black should have tried to upset White's plan, e.g.} (28... Qb3 $5 29. Qe2 Qa4
{[%cal Yf8e8]} 30. Re1 $5 Qxh4 ({or} 30... Qd7 31. Qe5 a5) 31. Qe7 $44) 29. Re1
Qd7 (29... Qxh4 $5 {although} 30. Qf6 Nd7 31. Qe7 {[%cal Re1e6]} Qa4 32. Rc1 {
[%cal Yc1c7] was unpleasant for Black, too.}) 30. Qf6 Qf5 {Black looks for
simplifications but the endgame turns out to be favourable for White.} 31. Qd4
Qd3 (31... Qg4 32. Ne4 Nxe4 (32... Nd7 33. Nf6+) 33. Rxe4 Qc8 34. d7 Qd8 35.
Qd5 $18 {[%cal Yd5c6,Ye4e8]}) 32. Qf4 $6 (32. Qxd3 $1 $18) 32... Qf5 $6 (32...
Ne6 33. Qf6 $18) (32... f6 $5) 33. Qd4 Qd3 34. Qxd3 $1 Nxd3 35. Re7 Nc5 36. d7
$1 (36. Rxa7 $143 f6 37. Nh3 Rd8 38. Nf4 Rxd6 39. Nxg6 b5 {with good
counterplay for Black.}) 36... Nb7 37. Re8 Kg7 38. Kf1 $18 {[%mdl 4096] In
spite of Black's extra pawn, his position is hopeless. The white king goes to
the queenside while the black pieces are completely tied up. An attempt to
advance Black's pawns also fails.} a5 39. Ke2 a4 40. Kd2 a3 41. Kc2 b5 42. Nh7
Rh8 43. Ng5 Rf8 44. Ne4 $1 b4 45. Nc5 Nd8 46. Kb3 Kg8 47. Kxb4 (47. Na6 $142 f6
48. Nxb4 Kf7 49. Re3 $18) 47... a2 48. Nb3 f6 49. Re2 {White displays lack of
confidence in the winning position.} (49. Kc5 $1 Kf7 50. Re2 $18 {[%cal Yc5d6]
was the most energetic way to victory, e.g.} f5 (50... Ne6+ 51. Kd6 Nd4 52.
Re7+ Kg8 53. Re8 $18) (50... Nb7+ 51. Kb6 $18) 51. Kd6 Nb7+ 52. Kc7 Nc5 53.
Rxa2 Nxb3 54. d8=Q Rxd8 55. Kxd8 $18 {_|_}) 49... Rf7 (49... Nc6+ 50. Kc5 Ne5
51. Kd6 Ra8 (51... Kf7 52. Rxa2) 52. Rxe5 fxe5 53. Ke7 $18) 50. Re8+ (50. Rd2
$18 {[%cal Yb4a3,Ya3a2]}) 50... Rf8 51. Kc3 $2 {This passive move lets the win
slip as Black surrounds the d7 pawn.} (51. Kc5 $18) 51... Kf7 52. Re2 a1=Q+ 53.
Nxa1 Ne6 54. Nb3 Rd8 55. Rd2 Ke7 56. Nd4 Nxd4 57. Rxd4 Rxd7 58. Rxd7+ Kxd7 59.
Kd4 Ke6 60. Ke4 g5 61. g3 f5+ 62. Kd4 f4 63. Ke4 1/2-1/2

[Event "Vidmar Memorial 15th"]
[Site "Terme Zrece"]
[Date "2003.08.22"]
[Round "5"]
[White "Beliavsky, Alexander G"]
[Black "Mikhalchishin, Adrian"]
[Result "1-0"]
[WhiteElo "2668"]
[BlackElo "2518"]
[Annotator "Krasenkow,M"]
[PlyCount "61"]
[EventDate "2003.08.17"]
[EventType "tourn"]
[EventRounds "9"]
[EventCountry "SLO"]
[EventCategory "12"]
[SourceTitle "CBM 097"]
[Source "ChessBase"]
[SourceDate "2003.11.11"]
[SourceVersion "1"]
[SourceVersionDate "2003.11.11"]
[SourceQuality "1"]

1. d4 Nf6 2. c4 g6 3. Nc3 d5 4. cxd5 Nxd5 5. e4 Nxc3 6. bxc3 c5 7. Bb5+ Nc6 $6
{A rare move, after which Black is forced to sacrifice material, hoping to
make use of the development advantage he gets.} 8. d5 Qa5 $6 (8... a6 {is
safer but still not enough for equality:} 9. Be2 Na5 10. Be3 e6 11. Nf3 exd5
12. exd5 b6 13. O-O Bg7 14. Qa4+ Bd7 15. Qe4+ Qe7 16. Qxe7+ Kxe7 17. Rab1 $14 {
1-0 Sokolov,I-Olafsson,H/Novi Sad (ol) 1990/Inf 50/[Sokolov,I] (42)}) 9. Qa4 (
9. a4 $5 a6 10. Be2 Nd4 (10... Ne5 11. Bd2) 11. Bd2 Nxe2 12. Nxe2 $16 {I.
Sokolov}) 9... Qxc3+ 10. Ke2 Bg7 (10... Bd7 $2 {is a well-known trap
discovered by Rashid Nezhmetdinov:} 11. dxc6 bxc6 12. Bxc6 Rd8 13. Qb3 $3 Qxa1
14. Bb2 Qb1 15. Nf3 $1 Qxh1 16. Ne5 $18 {Yusupov,A-Morenz,R/Graz/1981/1:0 (22)
being the latest game.}) 11. dxc6 O-O 12. Rb1 ({But not} 12. cxb7 $2 Bxb7 {
and Black gets what he wants, e.g.} 13. Rb1 c4 $1 14. Bxc4 Rac8 15. Bb5 $6 a6
$1 16. Bd2 (16. Bd3 Rfd8) 16... axb5 17. Qxb5 Qc2 $17 18. Qxb7 $6 (18. Nf3)
18... Rfd8 19. Nf3 Qd3+ 20. Kd1 (20. Ke1 Rc2 21. Rd1 Bc3 $19) 20... Rc2 {
0-1 Kiselev,S-Dvoirys,S/Elista 1994/CBM 44/[Arkhipov] (20)}) 12... a6 13. Bd3 {
Stronger than} (13. cxb7 $5 Bxb7 14. Bc4 Bc6 (14... Bxe4 15. Bxf7+ Rxf7 16.
Qxe4 $16) 15. Qb3 Bxe4 16. Qxc3 Bxc3 17. Rb3 Bxg2 18. Rxc3 Bxh1 19. f3 Rfd8 20.
Be3 Rab8 $14 {Arkhipov}) 13... b5 14. Qa3 Qe5 ({In the endgame after} 14... Be6
15. Qxc3 Bxc3 {White keeps a clear advantage, e.g.} 16. Bb2 Bxb2 17. Rxb2 c4
18. Bc2 c3 19. Rb4 Bxa2 20. Bb3 Bb1 21. Nf3 a5 22. Rxb5 Bxe4 23. Bd5 $18 {
1-0 Baumegger,S-Neubauer,M/Werfen 1998/EXT 2001 (31)}) {However, in the
middlegame Black has no sufficient compensation for the piece either as White
easily completes his development.} 15. Nf3 Qh5 16. Be3 c4 17. Bc2 a5 18. Qc5 $1
b4 19. Qxh5 gxh5 20. Bd4 Ba6 21. Bxg7 Kxg7 22. Ke3 Rfc8 23. Ba4 Rab8 24. Rhd1
c3 25. Rd4 f6 26. e5 Bb5 27. exf6+ Kxf6 28. Rf4+ Kg7 29. Bxb5 Rxb5 30. Rc4 Rd5
31. a3 1-0

[Event "North Sea Cup 18th"]
[Site "Esbjerg"]
[Date "2003.06.04"]
[Round "1"]
[White "Sasikiran, Krishnan"]
[Black "McShane, Luke J"]
[Result "1/2-1/2"]
[WhiteElo "2658"]
[BlackElo "2592"]
[Annotator "Krasenkow,M"]
[PlyCount "121"]
[EventDate "2003.06.04"]
[EventType "tourn"]
[EventRounds "9"]
[EventCountry "DEN"]
[EventCategory "15"]
[SourceTitle "CBM 096"]
[Source "ChessBase"]
[SourceDate "2003.09.25"]
[SourceVersion "1"]
[SourceVersionDate "2003.09.25"]
[SourceQuality "1"]

1. d4 Nf6 2. c4 g6 3. Nc3 d5 4. cxd5 Nxd5 5. e4 Nxc3 6. bxc3 Bg7 7. Be3 c5 8.
Qd2 O-O 9. Nf3 Qa5 10. Rc1 cxd4 11. cxd4 Qxd2+ 12. Nxd2 e6 13. Bb5 {An old
move, which was superseded by Karpov's} (13. Nb3 {- see CBM 88, game
Kempinski-Ruck.}) 13... Rd8 (13... Bd7 {is quite enough for equality:} 14. Bxd7
Nxd7 15. Ke2 Rfc8 16. Nc4 Bf8 17. Kd3 (17. Bf4 Rc6 18. Na5 Ra6 19. Nxb7 Rxa2+
20. Kf3 e5 21. dxe5 Re8 22. Ra1 Rb2 23. Rhb1 Nxe5+ 24. Kg3 Rxb1 25. Rxb1 Nd3
26. Be3 Rxe4 27. Bxa7 h5 28. h3 {1/2-1/2 Huebner,R-Adorjan,A/Bad Lauterberg
1980/Candidates (28)}) 17... b5 (17... b6 18. Bf4 f6 19. g4 e5 20. dxe5 b5 21.
Nd6 Rxc1 22. Rxc1 fxe5 23. Rc7 Rd8 24. Bg5 Nf6 25. Rc6 Kg7 26. Rc7+ Kg8 {
1/2-1/2 Cunningham,P-Sully,D/Wales 1981/EXT 2002 (26)}) 18. Na5 Ba3 19. Rxc8+
Rxc8 20. Rb1 a6 21. Rb3 Bd6 22. h3 f5 23. f3 Kf7 24. g4 fxe4+ 25. fxe4 Nb6 26.
Rb2 Na4 27. Rc2 Rxc2 28. Kxc2 {1/2-1/2 Akesson,R-Elsness,F/Gausdal 2001/CBM 82
ext (37)}) (13... a6 {is quite good, too:} 14. Ba4 (14. Bd3 $5) 14... b5 15.
Bb3 a5 16. a4 Bd7 17. axb5 Bxb5 18. Rc5 Bd3 19. Rc3 Ba6 20. Ba4 Rd8 21. Nb3 Nd7
$36 {0-1 Henriquez Garcia,D-David,P/Gran Canaria 1993/EXT 99 (34)}) 14. Bg5 f6
15. Be3 a6 16. Ba4 Bd7 (16... b5 17. Bb3 a5 $4 18. Rxc8) 17. Bb3 a5 $2 {
Black neglects his development, which leads to serious consequences.} (17...
Nc6 $5 18. d5 Na5 $11) 18. d5 $1 a4 19. Bc4 b5 20. dxe6 bxc4 21. exd7 Nxd7 22.
Ke2 f5 23. Rxc4 {So, White has won a pawn, although it's far from easy to
convert it into a victory.} Ne5 24. Rc2 Nd3 25. Rb1 Rd7 26. exf5 gxf5 27. g3 (
27. Nc4 $5 Re8 28. Rd2 $16) 27... Re8 28. Rc4 (28. Nc4 $5) 28... Bh6 (28... Nb2
$142) 29. Nf1 (29. f4 $5 Bg7 (29... Bf8 30. Nf1) 30. Nf1 (30. Rxa4 $6 Bd4 31.
Nf1 Bxe3 32. Nxe3 Rde7 $11) 30... Nb2 31. Rc5 $16) 29... f4 30. gxf4 Nxf4+ 31.
Kf3 Nd3 32. Rg4+ $2 {This unnecesary check lets White's advantage slip.} (32.
Rxa4 Rf7+ 33. Kg2 Bxe3 34. fxe3 Rf2+ 35. Kg1 {and White should bring home his
material advantage, overcoming technical difficulties.}) 32... Bg7 33. Rxa4
Rf7+ 34. Kg2 (34. Kg3 $142 {although after} Ref8 35. Ra7 Rxa7 (35... Rf3+ 36.
Kg2 Nxf2 $2 37. Bc5) 36. Bxa7 Be5+ 37. Kg2 Nf4+ 38. Kh1 (38. Kf3 Nd5+) 38...
Nh3 39. Bc5 Rf7 {Black regains White's f2 pawn, with good drawing chances.})
34... Nxf2 $1 {Regaining the pawn in the best possible edition.} 35. Ra7 ({
After} 35. Bxf2 Re2 36. Ra8+ Bf8 37. Kh3 Rexf2 38. Ng3 R7f6 {Black should not
lose either.}) 35... Ng4 36. Rxf7 Nxe3+ 37. Nxe3 Kxf7 {In such positions
White's extra pawn is insufficient for a victory: the black bishop is strong
enough both to hold up the white passed pawn and assist Black's kingside
counterplay.} 38. Rf1+ Kg6 39. Nd5 Ra8 40. Ne7+ Kg5 41. Rf5+ Kh6 42. Rf2 Bf8
43. Nd5 Kg6 44. Nc7 Rc8 45. Ne6 Ba3 46. Kf3 Kf5 47. Nd4+ Ke5 48. Nc2 Rc3+ 49.
Kg4 Rc4+ 50. Kf3 Rc3+ 51. Kg2 Ke4 52. Nxa3 Rxa3 {The rook endgame is also
drawn.} 53. Re2+ Kf4 54. Rf2+ Ke4 55. Kf1 h5 56. Ke1 h4 57. Kd1 h3 58. Kc1 Ke3
59. Rc2 Kf3 60. Kb2 Ra8 61. a3 (61. a3 {Black has many ways to a draw, the
simplest one being} Rg8 62. a4 Rg2 63. a5 Rxc2+ 64. Kxc2 Kg2 65. a6 Kxh2 66. a7
Kg1 67. a8=Q h2 $11) 1/2-1/2

[Event "EU-ch 4th"]
[Site "Istanbul"]
[Date "2003.06.08"]
[Round "9"]
[White "Zvjaginsev, Vadim"]
[Black "Timofeev, Artyom"]
[Result "1/2-1/2"]
[WhiteElo "2664"]
[BlackElo "2577"]
[Annotator "Krasenkow,M"]
[PlyCount "114"]
[EventDate "2003.05.30"]
[EventType "swiss"]
[EventRounds "13"]
[EventCountry "TUR"]
[SourceTitle "CBM 096"]
[Source "ChessBase"]
[SourceDate "2003.09.25"]
[SourceVersion "1"]
[SourceVersionDate "2003.09.25"]
[SourceQuality "1"]

1. d4 Nf6 2. c4 g6 3. Nc3 d5 4. cxd5 Nxd5 5. e4 Nxc3 6. bxc3 Bg7 7. Qa4+ Nd7 8.
Nf3 O-O 9. Bg5 c5 10. Rb1 h6 11. Be3 Nb6 {Black tries a simple plan of defence.
} (11... a6 {- see Zvjagintsev-Leko in CBM 90.}) 12. Qb3 cxd4 13. cxd4 Bg4 14.
Be2 Rc8 15. O-O (15. Rd1 $6 Bd7 16. Qa3 Ba4 17. Rc1 Bc2 18. e5 Be4 $11 {
1-0 Volkov,S-Timofeev,A/Tomsk 2001/CBM 82 ext (43)}) 15... Bxf3 16. Bxf3 Bxd4 {
Black trades his h6 pawn for the white central pawn, after which he must
centralize his pieces in order to neutralize White's bishop pair.} 17. Bxh6 Rc3
18. Qb4 Re8 19. Rbc1 (19. Rfd1 e5 20. Be3 Rc4 $11) 19... Rxc1 20. Rxc1 e5 21.
Bd2 Nc8 22. g3 Ne7 (22... Nd6 $5 $11) 23. Kg2 Qb6 24. Qxb6 Bxb6 25. Be2 Rc8 26.
Rxc8+ Nxc8 {Black has concequently traded all the major pieces. Now he
demonstrates that White's bishop pair can't cause him any serious trouble due
to his central d4 point and queenside pawn advantage.} 27. Bc4 Bc5 (27... Bd4
$5) 28. Bc3 Bd6 29. Kf3 (29. f4 exf4 30. e5 Bc5 31. gxf4 (31. e6 Kf8 32. gxf4
Nd6) 31... Ne7 $11) 29... Ne7 30. Kg4 Kg7 31. f4 f6 32. Be6 b5 33. Bd7 b4 34.
Bb2 a5 35. Kf3 Kf7 36. f5 gxf5 (36... g5 37. h4 gxh4 38. gxh4 Kg7 39. Bc1 {
is dangerous for Black.}) 37. exf5 a4 38. Bxa4 $6 (38. Ke4 a3 39. Bc1 Kg7 40.
Ba4 $1 {was the last chance for White to play for a win} ({but not} 40. Be6 Nc6
$1)) 38... Nxf5 39. Ke4 Nd4 $1 {This strong knight guarantees Black a draw.}
40. Kd5 (40. Bxd4 {is a dead draw, of course.}) 40... Bf8 41. Bd1 (41. Kc4 Nf3
$132) 41... Bh6 42. Kc4 Bd2 43. Kd3 Be1 {[%csl Ge1]} 44. Bc1 Kg6 45. g4 f5 46.
gxf5+ Kxf5 {The passed e-pawn now gives Black sufficient counterplay.} 47. h3
Nb5 48. Bg4+ Kf6 49. Kc4 Nd6+ 50. Kb3 Ne4 51. Bh6 Nf2 52. Bc8 Nd3 53. Kc4 Nb2+
54. Kb3 Nd3 55. Be3 e4 56. Ba6 Ke5 57. Kc2 Nf4 1/2-1/2

[Event "RUS-chT 09th Group2"]
[Site "Ekaterinburg"]
[Date "2002.05.17"]
[Round "1"]
[White "Shcherbakov, Ruslan"]
[Black "Semeniuk, Alexander A"]
[Result "1-0"]
[WhiteElo "2549"]
[BlackElo "2464"]
[Annotator "Krasenkow,M"]
[PlyCount "61"]
[EventDate "2002.05.17"]
[EventType "team-tourn"]
[EventRounds "7"]
[EventCountry "RUS"]
[SourceTitle "CBM 090"]
[Source "ChessBase"]
[SourceDate "2002.09.20"]
[SourceVersion "1"]
[SourceVersionDate "2002.09.20"]
[SourceQuality "1"]
[WhiteTeam "Satka Magnezit"]
[BlackTeam "Khabarovsk Lokomotiv"]
[WhiteTeamCountry "RUS"]
[BlackTeamCountry "RUS"]

1. d4 {Kortschnoj} Nf6 2. c4 g6 3. Nc3 d5 4. cxd5 Nxd5 5. e4 Nxc3 6. bxc3 Bg7
7. Be3 c5 8. Nf3 Qa5 9. Bd2 {'!?' Kortschnoj. Kortschnoj: 'A new way to treat
this position, instead of the "normal" 9.Qd2.'} O-O 10. Be2 Bg4 11. O-O e6 {
Kortschnoj: 'Even more ambitious is 11...Rd8, trying to destroy the whole
white construction in the centre.'} 12. a4 Nc6 {This variant was examined in
detail in CBM88 - see annotations to Eljanov-Macieja (Moscow 2002), which saw}
(12... cxd4) ({Earlier it was played} 12... Qd8 {Kortschnoj} 13. Bg5 Qd6 14.
Rb1 cxd4 15. cxd4 Bxf3 16. Bxf3 Qxd4 17. Qxd4 Bxd4 18. Rxb7 Nc6 {with a slight
edge to white in the endgame.}) 13. Rb1 ({Not} 13. d5 {Kortschnoj} exd5 14.
exd5 Bxf3 15. Bxf3 Ne5 {and white experiences some inconveniences.}) 13... cxd4
{A new move, which failed in this game as White got a passed pawn without any
compensation.} (13... Qc7 {-see Beliavsky-Adorjan (Baden 1980), examined in my
annotations to the above-mentioned game Eljanov-Macieja.} 14. d5 exd5 15. exd5
Bxf3 16. Bxf3 Ne5 17. Bf4) ({After an immediate retreat} 13... Qd8 {
(Kortschnoj) black was afraid of} 14. dxc5) 14. cxd4 Qd8 (14... Qc7 15. d5 {
looks favourable for White, too.}) 15. Bg5 Qd7 (15... Bf6 $5 {deserved
attention, e.g.} 16. Bh6 (16. Bxf6 Qxf6 17. d5 exd5 18. exd5 Na5) 16... Re8 (
16... Bg7 $6 17. Bxg7 Kxg7 18. d5) 17. e5 (17. d5 $6 exd5 18. exd5 Rxe2 $1 19.
Qxe2 Nd4 $44) 17... Bh8 (17... Bg7 18. Bxg7 Kxg7 19. Rxb7 Bxf3 20. Bxf3 Nxd4
21. Rxf7+ $1 Kxf7 22. Bxa8 $16) 18. Rxb7 Bxf3 19. Bxf3 Nxd4 {and it is not
clear whether White can obtain any advantage.}) 16. d5 $1 exd5 ({Alas, this is
a must as} 16... Bxf3 {is met with} 17. dxc6 $1 ({but not} 17. Bxf3 Nd4 18. Rb4
e5) 17... Qxd1 18. Bxd1 Bxe4 19. cxb7 Rab8 ({or} 19... Bxb1 20. Bf3 $1) 20. Bf3
$1 {, e.g.} Bxf3 (20... Bxb1 21. Rxb1 {[%cal Rg5e3]}) 21. gxf3 f6 22. Be3 Rf7
23. Bxa7 Rbxb7 24. Rxb7 Rxb7 25. Be3 {[%csl Ga4] with a clearly better endgame
for White due to his strong passed pawn.}) 17. exd5 Bxf3 18. Bxf3 Nd4 (18...
Ne5 19. Be2 {[%cal Rf2f4] is favourable for White: his bishop pair is quite
strong and Black's e5 knight is misplaced.}) 19. Rb4 Nxf3+ (19... Nf5 20. Bg4
h6 21. Bxf5 Qxf5 22. Be7 $16) 20. Qxf3 {[%csl Gd5][%mdl 32] A typical position,
strategically better for White because of his strong passed pawn. Kortschnoj:
'It is hard to claim that white has big advantage, but the position is
annoying for black, since his queen is the only blockading piece to prevent
promoting of the d-pawn.'} Rfe8 21. Rd1 Rac8 22. h3 Bc3 {Kortschnoj: 'Black
certainly overestimates his position. He is playing too actively, whereas a
cautious 22...b6 had to be preferred.'} (22... Rc3 23. Qg4 $5) (22... Be5 $5 {
and if} 23. d6 {then} Rc6) 23. Rb3 (23. Re4 $5 {deserved attention as it is
favourable for White to swap one pair of rooks. Black shoud continue} Be5 (
23... Re5 $143 24. Bf4) {but after} 24. d6 $1 Re6 25. Be7 {White maintains the
better prospects.}) 23... Be5 {A typical way of defense. White must now
exchange the bishops if he wants to push his pawn further.} 24. Bf4 {'!'
Kortschnoj. Kortschnoj: 'Avoiding a trap.'} (24. a5 $5 {[%csl Ra7][%cal Yg5e3]
is another interesting plan but Black can successfully defend after} Rc5 25. d6
Rc6 $1 ({but not} 25... Bxd6 26. Rxb7 Rc7 27. a6 $1 {-that's White's idea}) 26.
Rxb7 Qxb7 27. d7 Ra8 (27... Qa8 28. dxe8=Q+ Qxe8 29. Qe3 $16) 28. d8=Q+ Rxd8
29. Rxd8+ Kg7) ({If} 24. d6 {Kortschnoj} Rc6 25. Rbd3 $6 {then} Rxd6 26. Rxd6
Bxd6 27. Qd5 $2 Re1+ $1 28. Rxe1 Bh2+ {and black wins.}) 24... Qxa4 {Reducing
material but allowing the advance of the white pawn to d7. Kortschnoj: 'A
greedy move. 24...Rc4 was much stronger.'} (24... Rc4 25. Bxe5 Rxe5 26. d6 b6
27. Rc3 $1 $16) (24... b6 $5) 25. Bxe5 Rxe5 26. d6 $5 {'!' Kortschnoj.
Kortschnoj: 'Better than'} (26. Rxb7 Rf5 27. Qe2 (27. Qd3 {Kortschnoj} Qc2 $1 {
and black has no problems, due to activity of his pieces.}) 27... Re8 {is
unclear:} 28. Qd3 (28. Qd2 Qa6) 28... Qf4) 26... Qc6 $6 {A tactical oversight.}
({After} 26... b6 27. d7 Rd8 28. Ra3 (28. Rbd3 Re7 29. Qb7 Kg7 30. Qc7 $2 Rdxd7
31. Rxd7 $2 Qxd1+ $1) (28. Rbd3 {(Kortschnoj) where black has not an easy task
to save the game. And, after all, the move made by black looks very safe.})
28... Qb4 $1 (28... Qe4 $2 29. Qf6 Re7 30. Re3 Qc2 31. Rde1 $1 $18) 29. Rxa7 (
29. Rc3 Kg7 30. Rc8 Re1+ 31. Kh2 Rxd1 32. Qxd1 Qe7 $11) 29... Re1+ 30. Kh2 (30.
Rxe1 Qxe1+ 31. Kh2 Qe5+ 32. g3 Qd4 $1) 30... Rxd1 31. Qxd1 b5 {Black
maintained good drawing chances.}) 27. Rc3 $1 {'!!' Kortschnoj. Kortschnoj:
'Such a move could be easily overlooked! Black can't take twice on c3 because
of d6-d7.'} Rc5 (27... Qxc3 28. Qxc3 Rxc3 29. d7 $18) 28. Rxc5 Qxc5 29. Qxb7 a5
{'?!' Kortschnoj. Kortschnoj: 'The move aggravates black's situation: the
square b6 had to be protected by a pawn! 29...Rd8 was called for (30.Qe7 Rb8
31.Qc7 Qb6)'} (29... Rd8 {Kortschnoj} 30. Qe7 Rb8 31. Qc7 Qb6) 30. Qe7 Rb8 $4 {
[%mdl 8192] This blunder ends the game.} (30... Ra8 {was correct but after} 31.
Qe4 Rd8 32. d7 {[%csl Gd7] Black's position remained quite difficult.}) 31. Qc7
1-0